| 000 | 00875cab a2200265 4500 | ||
|---|---|---|---|
| 001 | ABS46036 | ||
| 008 | 090401t1992 xxu||||| |||| 00| 0 eng d | ||
| 035 | _a(Sirsi) u56486 | ||
| 041 | _aeng | ||
| 100 | _aSpring, M. | ||
| 245 | _aPowerhouses | ||
| 260 | _c1992 | ||
| 350 | _a0 | ||
| 490 |
_aBuilding _v257(7737) 20 March 1992, 34-38(5) |
||
| 520 | _aThis feature on new parliamentary accommodation includes an appraisal of Michael Hopkin`s traditional design for a new £130m parliamentary annexe and describes the refurbishment of nearby Victorian buildings for more offices. | ||
| 650 | _aBRIDGE STREET | ||
| 650 | _aHOPKINS MICHAEL | ||
| 650 | _aMPS OFFICES | ||
| 650 | _aPALACE OF WESTMINSTER | ||
| 650 | _aPARLIAMENT STREET | ||
| 650 | _aPARLIAMENTARY BUILDINGS | ||
| 690 | _aBUILDING AND CONSTRUCTION-PROJECTS | ||
| 942 | _n0 | ||
| 948 | _c04/03/1997 | ||
| 999 |
_c34450 _d34450 |
||